| 000 | 00440nam a2200157Ia 4500 | ||
|---|---|---|---|
| 008 | 240729s9999 xx 000 0 und d | ||
| 022 | _a2320-3900 | ||
| 245 | 0 | _aJournal of Clinical Ophthalmology and Research | |
| 260 | _aIndia | ||
| 260 | _bWolters Kluwer Medknow Publications | ||
| 650 | _a Ophthalmology | ||
| 650 | _aMedicine | ||
| 856 | _uhttps://doaj.org/toc/0de42f6e6d1945119921d29facd0a1f0 | ||
| 942 | _2ddc | ||
| 942 | _cDOAJEJ | ||
| 999 |
_c70204 _d70204 |
||
| 945 |
_a1 _bMadushi Gamage _c1 _dMadushi Gamage |
||